000 00443nam a2200181Ia 4500
001 23376
005 20260414150933.0
008 260414t2011||||xx |||||||||||||| ||spa||
041 _aESP
082 _a629.892
_bS52
100 _aSiegwart, Roland
_eAUT
245 0 _aIntroduction to autonomous mobile robots
_b
260 _c2011
300 _axvi, 453 páginas :
_c24 cm.
650 _aCNM
654 _aCCN
942 _cLIB
_dJUS
_fJUS
_2ddc
_n
999 _c23376
_d23376